[Event "23. Copenhagen Open  (Politiken Cup)"]
[Site "Copenhagen"]
[Date "2001.07.16"]
[Round "1"]
[White "Psakhis, Lev"]
[Black "Pallesen, Jacob"]
[Result "1-0"]
[WhiteElo "2566"]
[BlackElo "2061"]
[PlyCount "35"]
[EventDate "2001.07.16"]
[EventType "swiss"]
[EventRounds "11"]
[EventCountry "DEN"]
[SourceDate "2004.01.01"]

1. c4 f5 2. g3 Nf6 3. Bg2 d6 4. Nc3 g6 5. d3 Bg7 6. e4 fxe4 7. dxe4 e5 8. Nge2
Be6 9. b3 O-O 10. O-O Nc6 11. Nd5 Qd7 12. Bg5 Rf7 13. Qd2 Raf8 14. Rac1 b6 15.
b4 Bh3 16. Bxh3 Qxh3 17. Bxf6 Bxf6 18. Nxf6+ 1-0

[Event "23. Copenhagen Open  (Politiken Cup)"]
[Site "Copenhagen"]
[Date "2001.07.16"]
[Round "1"]
[White "Rasmussen, Henning"]
[Black "Greiff, Hakan"]
[Result "0-1"]
[WhiteElo "1925"]
[BlackElo "2299"]
[PlyCount "118"]
[EventDate "2001.07.16"]
[EventType "swiss"]
[EventRounds "11"]
[EventCountry "DEN"]
[SourceDate "2004.01.01"]

1. d4 d5 2. c4 e6 3. e3 Nf6 4. Nf3 Be7 5. Nc3 O-O 6. Bd3 c5 7. cxd5 exd5 8.
dxc5 Bxc5 9. O-O Nc6 10. a3 Bg4 11. Be2 a6 12. b4 Ba7 13. Bb2 Re8 14. h3 Bf5
15. b5 axb5 16. Nxb5 Bc5 17. Rc1 Be7 18. Nfd4 Bd7 19. Nb3 Be6 20. N3d4 Qd7 21.
Nxe6 fxe6 22. Bg4 Ra5 23. Be2 Rea8 24. Qd3 Ne4 25. Rfd1 Nc5 26. Qc2 Nd8 27. Qc3
Bf8 28. Qc2 Rxb5 29. Bxb5 Qxb5 30. Rb1 Qa4 31. Qxa4 Rxa4 32. Rd4 Ra6 33. Bc1
Nc6 34. Rd1 Kf7 35. g4 Bd6 36. Kg2 b6 37. h4 Ke7 38. Kf1 Ne5 39. Ke2 Nxg4 40.
Rg1 Nf6 41. Rxg7+ Kf8 42. Rg1 Nfe4 43. Bb2 Na4 44. Bg7+ Kf7 45. Rbc1 Nac5 46.
Bb2 Nf6 47. Rc2 Ra4 48. Rh1 Nfd7 49. f4 Be7 50. Rg1 Bf6 51. Bxf6 Nxf6 52. Ra1
d4 53. exd4 Rxd4 54. Ke3 Re4+ 55. Kf3 Nd5 56. Rf2 Ra4 57. Kg4 Kf6 58. Rf3 Nd7
59. Rd1 Ne5+ 0-1

[Event "23. Copenhagen Open  (Politiken Cup)"]
[Site "Copenhagen"]
[Date "2001.07.16"]
[Round "1"]
[White "Romsdal, Trond"]
[Black "Kristensen, Jonas Rune"]
[Result "1-0"]
[WhiteElo "2225"]
[BlackElo "1755"]
[PlyCount "59"]
[EventDate "2001.07.16"]
[EventType "swiss"]
[EventRounds "11"]
[EventCountry "DEN"]
[SourceDate "2004.01.01"]

1. d4 Nf6 2. c4 g6 3. Nc3 Bg7 4. e4 d6 5. Nf3 O-O 6. Be2 e5 7. O-O Nc6 8. d5
Ne7 9. b4 Nh5 10. Re1 h6 11. c5 f5 12. Qb3 Nf6 13. Nd2 f4 14. Ba3 g5 15. b5 b6
16. cxd6 cxd6 17. Nc4 Ne8 18. Qb4 Rf6 19. Nxe5 dxe5 20. Qxe7 Qxe7 21. Bxe7 Rf7
22. Bb4 Bf8 23. Bxf8 Kxf8 24. Bh5 Rc7 25. Bxe8 Kxe8 26. Rec1 Bd7 27. a4 a6 28.
d6 Rb7 29. Nd5 Kd8 30. Nc7 1-0

[Event "23. Copenhagen Open  (Politiken Cup)"]
[Site "Copenhagen"]
[Date "2001.07.16"]
[Round "1"]
[White "Roder, Peter"]
[Black "Jorgensen, Mikkel"]
[Result "1-0"]
[WhiteElo "2174"]
[BlackElo "1610"]
[PlyCount "69"]
[EventDate "2001.07.16"]
[EventType "swiss"]
[EventRounds "11"]
[EventCountry "DEN"]
[SourceDate "2004.01.01"]

1. d4 Nf6 2. c4 d6 3. Nc3 Nbd7 4. e4 e5 5. d5 Be7 6. Be3 O-O 7. f3 c6 8. Qd2 a6
9. Bd3 Re8 10. Nge2 Bf8 11. g4 h5 12. h3 Be7 13. Ng3 Nc5 14. b4 Nxd3+ 15. Qxd3
Nh7 16. Nxh5 Bh4+ 17. Bf2 Bxf2+ 18. Kxf2 Qb6+ 19. Kg2 Qxb4 20. Rhb1 Qa5 21. Rb3
c5 22. Ng3 g6 23. h4 Qd8 24. Rh1 Kg7 25. Qd2 Rb8 26. Nd1 Bd7 27. Ne3 b5 28. g5
b4 29. Rf1 Rh8 30. f4 f6 31. f5 fxg5 32. fxg6 Nf6 33. Nef5+ Bxf5 34. Nxf5+ Kg8
35. Qxg5 1-0

[Event "23. Copenhagen Open  (Politiken Cup)"]
[Site "Copenhagen"]
[Date "2001.07.16"]
[Round "1"]
[White "Skjoldan, Benjamin"]
[Black "Nilsson, Nils Specht"]
[Result "1/2-1/2"]
[WhiteElo "1720"]
[BlackElo "2218"]
[PlyCount "188"]
[EventDate "2001.07.16"]
[EventType "swiss"]
[EventRounds "11"]
[EventCountry "DEN"]
[SourceDate "2004.01.01"]

1. d4 Nf6 2. c4 e6 3. Nc3 Bb4 4. Nf3 b6 5. e3 Bb7 6. Bd3 O-O 7. O-O Bxc3 8.
bxc3 Qe7 9. a4 d6 10. Ba3 c5 11. Rb1 Nc6 12. Qc2 e5 13. Ng5 h6 14. Nh7 Nxh7 15.
Bxh7+ Kh8 16. d5 Na5 17. Bd3 Ba6 18. Qa2 e4 19. Be2 f5 20. Bb4 Nb7 21. Ba3 g5
22. Rbe1 Na5 23. Bb4 Rae8 24. Bxa5 bxa5 25. Kh1 Qe5 26. Qc2 Re7 27. Kg1 f4 28.
exf4 gxf4 29. Bf3 e3 30. Qd3 Qg5 31. fxe3 fxe3 32. Kh1 Rf4 33. g3 Qf5 34. Qxf5
Rxf5 35. Be2 Rf2 36. Kg1 Rxe2 37. Rxe2 Bxc4 38. Rfe1 Bxe2 39. Rxe2 Re5 40. Kg2
Kg7 41. Kf3 Rxd5 42. Rxe3 Kf6 43. Ke2 Rh5 44. h4 Rf5 45. Kd3 d5 46. g4 Rf4 47.
g5+ hxg5 48. hxg5+ Kxg5 49. Re5+ Rf5 50. Re7 Rf3+ 51. Kc2 Kf6 52. Rxa7 Rf2+ 53.
Kc1 Ke5 54. Rxa5 c4 55. Ra8 Ke4 56. Rd8 Ra2 57. Rh8 Rxa4 58. Rh4+ $11 Ke5 59.
Rh5+ Kd6 60. Kb2 Ra8 61. Rh6+ Kc5 62. Rh2 Rg8 63. Rd2 Rg3 64. Kc2 Re3 65. Rh2
Kb5 66. Rd2 Re5 67. Kb2 Ka4 68. Ka2 Rh5 69. Kb2 Kb5 70. Kc2 Kc5 71. Rg2 Rh8 72.
Rf2 Kd6 73. Re2 Rh4 74. Rg2 Ke5 75. Re2+ Re4 76. Rf2 Re1 77. Rd2 Rf1 78. Re2+
Kf4 79. Rd2 Ke4 80. Rd4+ Ke5 81. Rd2 Rf3 82. Re2+ $11 Kd6 83. Rd2 Re3 84. Rh2
Ke5 85. Rh5+ Ke4 86. Rh4+ Kf3 87. Rd4 Re2+ 88. Kc1 Re5 89. Kc2 Ke3 90. Kc1 Kf2
91. Kc2 Re2+ 92. Kc1 Re3 93. Rxd5 Rxc3+ 94. Kd2 Rd3+ 1/2-1/2

[Event "23. Copenhagen Open  (Politiken Cup)"]
[Site "Copenhagen"]
[Date "2001.07.16"]
[Round "1"]
[White "Skovgaard, Peter Nicolai"]
[Black "Hansen, Gunnar West"]
[Result "0-1"]
[WhiteElo "1688"]
[BlackElo "2198"]
[PlyCount "120"]
[EventDate "2001.07.16"]
[EventType "swiss"]
[EventRounds "11"]
[EventCountry "DEN"]
[SourceDate "2004.01.01"]

1. e4 g6 2. d4 Bg7 3. Nf3 c6 4. c3 d5 5. e5 Bg4 6. h3 Bxf3 7. Qxf3 e6 8. Bd3 c5
9. Nd2 Nc6 10. Bb5 Nge7 11. O-O Qb6 12. Bxc6+ Nxc6 13. Nb3 cxd4 14. cxd4 Nxd4
15. Nxd4 Qxd4 16. Bf4 O-O 17. b3 Bxe5 18. Bh6 Bg7 19. Rad1 Qb4 20. Be3 Rac8 21.
Qe2 a6 22. Bd2 Qa3 23. Bc1 Qd6 24. a3 Rc3 25. Bd2 Rc2 26. Qd3 Rfc8 27. Bb4 Qf4
28. Qe3 Qxe3 29. fxe3 f5 30. g4 b6 31. gxf5 gxf5 32. Rf3 a5 33. Bd6 Kf7 34. b4
a4 35. b5 R8c4 36. Rf2 Bh6 37. Rf3 Re2 38. Bf4 Bf8 39. Kh1 Bxa3 40. Rg1 Bb2 41.
Bd6 a3 42. Rfg3 Rc1 43. Rxc1 Bxc1 44. Rg1 Bxe3 45. Ra1 a2 46. Be5 d4 47. h4 Bf2
48. h5 Rxe5 49. Rxa2 Be3 50. Ra7+ Ke8 51. Ra8+ Kd7 52. Ra7+ Kd6 53. Rxh7 d3 54.
Rh8 Bg5 55. h6 d2 56. Rd8+ Bxd8 57. h7 d1=Q+ 58. Kg2 Qg4+ 59. Kh2 Re2+ 60. Kh1
Qg2# 0-1

[Event "23. Copenhagen Open  (Politiken Cup)"]
[Site "Copenhagen"]
[Date "2001.07.16"]
[Round "1"]
[White "Sylvan, Jacob"]
[Black "Nielsen, Torben"]
[Result "1-0"]
[WhiteElo "2272"]
[BlackElo "1840"]
[PlyCount "81"]
[EventDate "2001.07.16"]
[EventType "swiss"]
[EventRounds "11"]
[EventCountry "DEN"]
[SourceDate "2004.01.01"]

1. c4 Nf6 2. Nc3 e5 3. g3 Nc6 4. Bg2 d6 5. Nf3 Be7 6. d3 Bf5 7. O-O Qd7 8. Nd5
O-O 9. e4 Bg4 10. Ne3 Bh5 11. h3 Bxf3 12. Qxf3 Nd4 13. Qd1 g6 14. Nc2 c5 15.
Nxd4 cxd4 16. f4 b5 17. b3 a5 18. f5 a4 19. cxb5 Qxb5 20. bxa4 Rxa4 21. Qf3 Kg7
22. g4 Nd7 23. Rb1 Qa6 24. g5 f6 25. Qg4 fxg5 26. fxg6 Rxf1+ 27. Bxf1 Nf8 28.
gxh7 Kxh7 29. Bxg5 Qa7 30. Qh5+ Kg8 31. Bxe7 Qxe7 32. Rb2 Ne6 33. Rg2+ Ng7 34.
Qd1 Ra3 35. Qc1 Rc3 36. Qh6 Rc6 37. h4 Qc7 38. h5 d5 39. Qg5 Kh7 40. exd5 Rd6
41. Qxe5 1-0

[Event "23. Copenhagen Open  (Politiken Cup)"]
[Site "Copenhagen"]
[Date "2001.07.16"]
[Round "1"]
[White "Thompson, Ian D"]
[Black "Rosenberg, Jan"]
[Result "1-0"]
[WhiteElo "2240"]
[BlackElo "1785"]
[PlyCount "85"]
[EventDate "2001.07.16"]
[EventType "swiss"]
[EventRounds "11"]
[EventCountry "DEN"]
[SourceDate "2004.01.01"]

1. c4 Nf6 2. g3 c5 3. Bg2 Nc6 4. Nc3 e6 5. e4 d6 6. Nge2 e5 7. O-O Be7 8. d3
O-O 9. Rb1 Bd7 10. f4 Nd4 11. h3 Rb8 12. b3 a6 13. Nxd4 cxd4 14. Nd5 Nxd5 15.
cxd5 b5 16. b4 Rc8 17. Bd2 Rc7 18. Kh2 Qb8 19. Qb3 h6 20. h4 Bg4 21. Rbc1 Rxc1
22. Rxc1 Rc8 23. Qa3 Rxc1 24. Qxc1 Qc8 25. Qc6 Bd7 26. Qxc8+ Bxc8 27. Bh3 Bxh3
28. Kxh3 h5 29. g4 hxg4+ 30. Kxg4 g6 31. h5 gxh5+ 32. Kxh5 Kg7 33. fxe5 dxe5
34. Bh6+ Kh7 35. Bg5 Bxb4 36. Bf6 Bd6 37. Kg5 a5 38. Kf5 b4 39. Bxe5 Bxe5 40.
Kxe5 a4 41. Kxd4 Kg7 42. Kc4 b3 43. axb3 1-0

[Event "23. Copenhagen Open  (Politiken Cup)"]
[Site "Copenhagen"]
[Date "2001.07.16"]
[Round "1"]
[White "Thomsen, Heinrich Kirch"]
[Black "Christensen, Esben"]
[Result "0-1"]
[WhiteElo "1361"]
[BlackElo "2115"]
[PlyCount "52"]
[EventDate "2001.07.16"]
[EventType "swiss"]
[EventRounds "11"]
[EventCountry "DEN"]
[SourceDate "2004.01.01"]

1. e4 c5 2. Nf3 e6 3. d4 cxd4 4. Nxd4 Nf6 5. Nc3 d6 6. Be3 a6 7. Be2 Be7 8. O-O
b5 9. f3 O-O 10. Qd2 Bb7 11. a3 Qc7 12. Rac1 d5 13. exd5 Nxd5 14. Nxd5 Bxd5 15.
Nf5 Bc5 16. Kh1 Bxe3 17. Nxe3 Bb7 18. c4 bxc4 19. Nxc4 Nc6 20. Rc3 Rad8 21. Qc2
Nd4 22. Ne3 Nxc2 23. Rxc7 Nxe3 24. Rxb7 Nxf1 25. Bxf1 Rd2 26. g3 Rc8 0-1

[Event "23. Copenhagen Open  (Politiken Cup)"]
[Site "Copenhagen"]
[Date "2001.07.16"]
[Round "1"]
[White "Aabling Thomsen, Jakob"]
[Black "Jorgensen, Michael"]
[Result "1-0"]
[WhiteElo "1889"]
[BlackElo "2290"]
[PlyCount "75"]
[EventDate "2001.07.16"]
[EventType "swiss"]
[EventRounds "11"]
[EventCountry "DEN"]
[SourceDate "2004.01.01"]

1. d4 f5 2. Bg5 Nc6 3. e3 g6 4. c4 Bg7 5. Nc3 d6 6. f4 Nf6 7. Nf3 O-O 8. Bd3 a5
9. a3 e6 10. O-O Qe8 11. Qe2 e5 12. fxe5 dxe5 13. dxe5 Nxe5 14. Nxe5 Qxe5 15.
Bf4 Qc5 16. b4 Qe7 17. Rab1 axb4 18. axb4 c6 19. e4 Ra3 20. Qb2 Rxc3 21. Qxc3
fxe4 22. Qe1 Bf5 23. Be2 h5 24. Rd1 Ra8 25. Qd2 Ng4 26. Bg5 Qe5 27. Bxg4 hxg4
28. Qf2 Be6 29. Bf6 g3 30. hxg3 e3 31. Qf4 Qxf4 32. Rxf4 Bh6 33. Re4 Bf5 34.
Re7 Rf8 35. Bc3 Bc2 36. Rdd7 b5 37. Rh7 Bf5 38. Rh8# 1-0

[Event "23. Copenhagen Open  (Politiken Cup)"]
[Site "Copenhagen"]
[Date "2001.07.16"]
[Round "1"]
[White "Tolstrup, Thomas"]
[Black "Jensen, Dan Bronnum"]
[Result "1-0"]
[WhiteElo "2108"]
[BlackElo "1324"]
[PlyCount "65"]
[EventDate "2001.07.16"]
[EventType "swiss"]
[EventRounds "11"]
[EventCountry "DEN"]
[SourceDate "2004.01.01"]

1. Nf3 c5 2. c4 Nc6 3. Nc3 Nf6 4. d4 cxd4 5. Nxd4 Nxd4 6. Qxd4 g6 7. g3 Bg7 8.
Bg2 O-O 9. O-O d6 10. Qd3 Rb8 11. Be3 b6 12. Bd4 Bf5 13. e4 Bc8 14. Rac1 Ba6
15. b3 e6 16. Rfd1 e5 17. Be3 Ne8 18. Nb5 Bxb5 19. cxb5 Rc8 20. Rc6 Rxc6 21.
bxc6 Qc7 22. Qd5 Kh8 23. g4 f6 24. a4 Qf7 25. b4 Qxd5 26. Rxd5 Rf7 27. a5 bxa5
28. Rxa5 Rc7 29. b5 f5 30. exf5 gxf5 31. Rxa7 e4 32. Rxc7 Nxc7 33. b6 1-0

[Event "23. Copenhagen Open  (Politiken Cup)"]
[Site "Copenhagen"]
[Date "2001.07.16"]
[Round "1"]
[White "Tozer, Richard"]
[Black "Stovring, Claus"]
[Result "1-0"]
[WhiteElo "2315"]
[BlackElo "1966"]
[PlyCount "45"]
[EventDate "2001.07.16"]
[EventType "swiss"]
[EventRounds "11"]
[EventCountry "DEN"]
[SourceDate "2004.01.01"]

1. d4 Nf6 2. c4 g6 3. Nc3 Bg7 4. e4 d6 5. Be2 O-O 6. Bg5 c5 7. d5 Na6 8. Qd2
Bd7 9. h4 h5 10. f3 Nc7 11. a4 Nce8 12. Nh3 a6 13. Nf2 Rb8 14. g4 b6 15. Rg1
Rb7 16. gxh5 Nxh5 17. f4 f6 18. Bh6 Bxh6 19. Bxh5 Ng7 20. Rxg6 Kh7 {#} 21.
Rxh6+ Kxh6 22. f5+ Kxh5 23. Ne2 1-0

[Event "23. Copenhagen Open  (Politiken Cup)"]
[Site "Copenhagen"]
[Date "2001.07.16"]
[Round "1"]
[White "Trarup, Jorgen"]
[Black "Hassan, Omar Elsayed"]
[Result "0-1"]
[WhiteElo "1298"]
[BlackElo "2100"]
[PlyCount "108"]
[EventDate "2001.07.16"]
[EventType "swiss"]
[EventRounds "11"]
[EventCountry "DEN"]
[SourceDate "2004.01.01"]

1. e4 c5 2. Nf3 Nc6 3. Bb5 g6 4. O-O Bg7 5. Re1 e5 6. c3 Nge7 7. Na3 a6 8. Bxc6
Nxc6 9. Nc4 d6 10. h3 O-O 11. Ne3 Be6 12. Nc2 f5 13. d3 f4 14. b4 cxb4 15. Nxb4
g5 16. Nxc6 bxc6 17. Nh2 Qe8 18. Ba3 c5 19. Bb2 Rb8 20. Qe2 Qb5 21. Reb1 Qa4
22. c4 Rb7 23. Bc3 Rfb8 24. Rxb7 Rxb7 25. Rc1 Qa3 26. Qc2 Bd7 27. f3 h5 28. Kf2
Bf6 29. Ke2 Bd8 30. Qd2 Ba4 31. Nf1 Ba5 32. Qe1 Bxc3 33. Qxc3 Qxc3 34. Rxc3
Rb2+ 35. Nd2 Rxa2 36. Rc1 Bc2 37. Ke1 Kf7 38. Ke2 Ke6 39. g4 h4 40. Ke1 a5 41.
Nb1 Bxb1 42. Rxb1 Rh2 43. Rb5 Rxh3 44. Rxa5 Rxf3 45. Ra8 Rxd3 46. Re8+ Kf7 47.
Rd8 h3 48. Rd7+ Kg6 49. Kf2 Rd2+ 50. Kg1 f3 51. Rd8 f2+ 52. Kf1 Rd1+ 53. Kxf2
h2 54. Rh8 h1=Q 0-1

[Event "23. Copenhagen Open  (Politiken Cup)"]
[Site "Copenhagen"]
[Date "2001.07.16"]
[Round "1"]
[White "Visweswaran, Kameswaran"]
[Black "Olesen, Michael Bonding"]
[Result "1-0"]
[WhiteElo "2299"]
[BlackElo "1891"]
[PlyCount "61"]
[EventDate "2001.07.16"]
[EventType "swiss"]
[EventRounds "11"]
[EventCountry "DEN"]
[SourceDate "2004.01.01"]

1. e4 c5 2. Nf3 e6 3. d4 cxd4 4. Nxd4 a6 5. Nc3 Qc7 6. Be2 Nc6 7. O-O Nf6 8.
Be3 Be7 9. f4 d6 10. a4 O-O 11. Kh1 Bd7 12. Nb3 Na5 13. Nd2 Rac8 14. g4 d5 15.
e5 Ne4 16. Ncxe4 dxe4 17. c3 b5 18. axb5 axb5 19. Nxe4 Bc6 20. Bf3 Rfd8 21. Qe2
Ra8 22. Bg2 Nc4 23. Bd4 Bd5 24. b3 Na3 25. f5 Bxb3 26. f6 Bc4 27. Qe3 Bxf1 28.
Rxf1 Nc2 29. Qg5 Bf8 30. fxg7 Be7 31. Qh5 1-0

[Event "23. Copenhagen Open  (Politiken Cup)"]
[Site "Copenhagen"]
[Date "2001.07.16"]
[Round "1"]
[White "Ward, Christopher"]
[Black "Spanton, Timothy"]
[Result "1-0"]
[WhiteElo "2493"]
[BlackElo "2051"]
[PlyCount "91"]
[EventDate "2001.07.16"]
[EventType "swiss"]
[EventRounds "11"]
[EventCountry "DEN"]
[SourceDate "2004.01.01"]

1. d4 d5 2. c4 e6 3. Nc3 Be7 4. cxd5 exd5 5. Bf4 c6 6. e3 Bf5 7. h3 Nf6 8. g4
Bg6 9. Bg2 Nbd7 10. Nge2 O-O 11. O-O Re8 12. Bg3 Ne4 13. Nxe4 Bxe4 14. f3 Bg6
15. Nf4 Bh4 16. Bxh4 Qxh4 17. Qd2 Re7 18. Qf2 Qxf2+ 19. Kxf2 Rae8 20. Rfe1 Nf8
21. Bf1 Ne6 22. Nxe6 Rxe6 23. b4 a6 24. a4 f6 25. b5 axb5 26. axb5 Kf8 27. Ra7
R8e7 28. b6 Rd6 29. Ra8+ Re8 30. Rea1 Rdd8 31. Rxd8 Rxd8 32. Ra7 Rb8 33. Kg3
Ke8 34. Kf4 Kd7 35. Ba6 Kc8 36. Be2 Kd7 37. e4 Kd6 38. Bd3 Ke6 39. Ra5 Rd8 40.
Ke3 Kd6 41. h4 dxe4 42. fxe4 Ke7 43. Ra7 Rd7 44. Ba6 h5 45. Bxb7 Kd6 46. Bc8
1-0

[Event "23. Copenhagen Open  (Politiken Cup)"]
[Site "Copenhagen"]
[Date "2001.07.16"]
[Round "1"]
[White "Windekilde, Flemming"]
[Black "Brondum, Eric"]
[Result "0-1"]
[WhiteElo "1744"]
[BlackElo "2224"]
[PlyCount "78"]
[EventDate "2001.07.16"]
[EventType "swiss"]
[EventRounds "11"]
[EventCountry "DEN"]
[SourceDate "2004.01.01"]

1. e4 c5 2. Nc3 d6 3. f4 Nc6 4. Nf3 g6 5. Bc4 Bg7 6. O-O e6 7. d3 Nge7 8. f5
exf5 9. Qe1 Ne5 10. Bb3 O-O 11. Qh4 Nxf3+ 12. Rxf3 Kh8 13. Bg5 f6 14. Bh6 g5
$11 15. Bxg7+ Kxg7 16. Qg3 Kh8 17. Raf1 $11 f4 18. Qf2 Bg4 19. h4 Nc6 20. Ne2
Bxf3 21. gxf3 Qe7 22. Nc3 Qg7 23. Be6 Nd4 24. Bg4 Qh6 25. h5 f5 26. exf5 Nxf5
27. Nd5 Ne3 28. Nxe3 fxe3 29. Qxe3 Rae8 30. Qd2 Qf6 31. Kg2 Re7 32. c3 Rfe8 33.
Rf2 Qf4 34. Qc2 b6 35. a3 Re3 36. b4 Qe5 37. d4 cxd4 38. cxd4 Qxd4 39. Qf5 Re2
0-1

[Event "23. Copenhagen Open  (Politiken Cup)"]
[Site "Copenhagen"]
[Date "2001.07.16"]
[Round "1"]
[White "Zachariassen, John"]
[Black "Rasmussen, Casper Dahl"]
[Result "0-1"]
[WhiteElo "1864"]
[BlackElo "2281"]
[PlyCount "50"]
[EventDate "2001.07.16"]
[EventType "swiss"]
[EventRounds "11"]
[EventCountry "DEN"]
[SourceDate "2004.01.01"]

1. f4 g6 2. Nf3 Bg7 3. e3 c5 4. Be2 b6 5. O-O Bb7 6. d4 Nf6 7. c3 O-O 8. Bd2 d6
9. Be1 Nbd7 10. h3 Re8 11. Nbd2 Qc7 12. Rc1 Qc6 13. b4 e5 14. b5 Qc7 15. f5
exd4 16. fxg6 dxe3 17. gxf7+ Kxf7 18. Nb3 d5 19. Qc2 Kg8 20. Qf5 Nf8 21. Bh4
Bc8 22. Qc2 Ne4 23. Ng5 Ng6 24. Rf7 Qe5 25. Rxg7+ Qxg7 0-1

[Event "23. Copenhagen Open  (Politiken Cup)"]
[Site "Copenhagen"]
[Date "2001.07.16"]
[Round "1"]
[White "van Dijk, Thomas"]
[Black "Adamski, Jan"]
[Result "1/2-1/2"]
[WhiteElo "1999"]
[BlackElo "2361"]
[PlyCount "111"]
[EventDate "2001.07.16"]
[EventType "swiss"]
[EventRounds "11"]
[EventCountry "DEN"]
[SourceDate "2004.01.01"]

1. d4 Nf6 2. c4 e6 3. Nc3 Bb4 4. f3 d5 5. a3 Be7 6. e4 dxe4 7. fxe4 e5 8. d5
Bc5 9. Be2 Bd4 10. Bg5 Bxc3+ 11. bxc3 Qd6 12. Bxf6 Qxf6 13. Nf3 Bg4 14. Qb3 b6
15. c5 O-O 16. O-O Nd7 17. cxb6 Qxb6+ 18. Qxb6 axb6 19. Bb5 Bxf3 20. Rxf3 Nc5
21. Bc6 Ra5 22. Re3 Nb3 23. Ra2 Rc5 24. a4 Na5 25. Bb5 Nb7 26. c4 Nd6 27. Rc2
Ra8 28. Kf2 Ra5 29. Rcc3 Kf8 30. Ke2 Ke7 31. Kd3 Nb7 32. Kc2 h5 33. Rg3 g6 34.
Kb3 Ra8 35. Bc6 Na5+ 36. Kb4 Nxc6+ 37. dxc6 Rxc6 38. Rgd3 Rc5 39. Rd5 Rca5 40.
Rxa5 Rxa5 41. c5 Kd7 42. Rd3+ Kc6 43. cxb6 cxb6 44. Rf3 f5 45. exf5 gxf5 46.
Rxf5 Rd5 47. Rxh5 Rd2 48. Rxe5 Rxg2 49. Re6+ Kb7 50. Rh6 Ka6 51. Rh8 Rg4+ 52.
Kb3 Rg2 53. h4 Kb7 54. h5 Rg5 55. h6 Rg6 56. h7 1/2-1/2

[Event "23. Copenhagen Open  (Politiken Cup)"]
[Site "Copenhagen"]
[Date "2001.07.17"]
[Round "2"]
[White "Adamski, Jan"]
[Black "Laustsen, Lars"]
[Result "1-0"]
[WhiteElo "2361"]
[BlackElo "1955"]
[PlyCount "43"]
[EventDate "2001.07.16"]
[EventType "swiss"]
[EventRounds "11"]
[EventCountry "DEN"]
[SourceDate "2004.01.01"]

1. c4 e6 2. d4 d5 3. Nf3 Nf6 4. Nc3 Be7 5. g3 O-O 6. Bg2 dxc4 7. Ne5 Nc6 8.
Bxc6 bxc6 9. Nxc6 Qd6 10. Nxe7+ Qxe7 11. Qa4 c5 12. Qxc4 cxd4 13. Qxd4 Rb8 14.
Bg5 Rxb2 15. Nd5 Qb7 16. Bxf6 gxf6 17. Nxf6+ Kh8 18. O-O e5 19. Qxe5 Bh3 20. e4
Rb5 21. Qf4 Rf5 22. Qh6 1-0

[Event "23. Copenhagen Open  (Politiken Cup)"]
[Site "Copenhagen"]
[Date "2001.07.17"]
[Round "2"]
[White "Aird, Ian"]
[Black "Mortensen, Erling"]
[Result "0-1"]
[WhiteElo "2136"]
[BlackElo "2423"]
[PlyCount "86"]
[EventDate "2001.07.16"]
[EventType "swiss"]
[EventRounds "11"]
[EventCountry "DEN"]
[SourceDate "2004.01.01"]

1. Nf3 g6 2. e4 c6 3. d4 d5 4. Nbd2 Bg4 5. c3 Nf6 6. Bd3 dxe4 7. Nxe4 Nbd7 8.
h3 Bxf3 9. Qxf3 Bg7 10. Bg5 O-O 11. O-O Qb6 12. Qe2 Rfe8 13. Qc2 Nd5 14. Rfe1
Qc7 15. Rad1 b5 16. Bf1 b4 17. c4 Nf4 18. Qd2 Ne6 19. Be3 c5 20. dxc5 Ne5 21.
Qxb4 Reb8 22. Qa4 Rxb2 23. Rb1 Rab8 24. Rxb2 Rxb2 25. Rd1 Nc6 26. Ng5 Nxg5 27.
Bxg5 Bd4 28. Bh6 Bxf2+ 29. Kh1 Rb8 30. Qa3 Bd4 31. Be2 Qe5 32. Qf3 Qxc5 33. Qe4
Rd8 34. Bf3 Ne5 35. Be2 f5 36. Qh4 Nf7 37. Bg5 Nxg5 38. Qxg5 Kf7 39. Qh4 Kg7
40. Rb1 Bf6 41. Qe1 Rd6 42. Rb3 Re6 43. Qf1 Qa5 0-1

[Event "23. Copenhagen Open  (Politiken Cup)"]
[Site "Copenhagen"]
[Date "2001.07.17"]
[Round "2"]
[White "Andersen, Matias Lolk"]
[Black "Petersen, Peter Birk"]
[Result "0-1"]
[WhiteElo "1146"]
[BlackElo "2230"]
[PlyCount "60"]
[EventDate "2001.07.16"]
[EventType "swiss"]
[EventRounds "11"]
[EventCountry "DEN"]
[SourceDate "2004.01.01"]

1. e4 c5 2. Nf3 e6 3. d4 cxd4 4. Nxd4 Nc6 5. Nc3 Qc7 6. Be3 a6 7. g3 Nf6 8. a3
d6 9. f4 Bd7 10. Bg2 Be7 11. O-O O-O 12. Qd2 Ng4 13. Nxc6 Bxc6 14. Bd4 e5 15.
fxe5 dxe5 16. Be3 Rad8 17. Qe2 Nxe3 18. Qxe3 Rd4 19. Rad1 Bc5 20. b3 Rc4 21.
bxc4 Bxe3+ 22. Kh1 Bd4 23. Nd5 Qd6 24. c3 Bxd5 25. exd5 Bxc3 26. Rd3 Bd4 27.
Be4 g6 28. g4 Qc5 29. Rf6 Qxc4 30. Rd2 Qc1+ 0-1

[Event "23. Copenhagen Open  (Politiken Cup)"]
[Site "Copenhagen"]
[Date "2001.07.17"]
[Round "2"]
[White "Berg, Klaus"]
[Black "Nicolaisen, Erik"]
[Result "1-0"]
[WhiteElo "2438"]
[BlackElo "2015"]
[PlyCount "91"]
[EventDate "2001.07.16"]
[EventType "swiss"]
[EventRounds "11"]
[EventCountry "DEN"]
[SourceDate "2004.01.01"]

1. d4 d5 2. Bg5 Nd7 3. c4 c6 4. cxd5 cxd5 5. Nc3 Ngf6 6. e3 e6 7. Nf3 Be7 8.
Bd3 O-O 9. Rc1 a6 10. Bb1 Re8 11. Qd3 Nf8 12. O-O Nh5 13. Bxe7 Qxe7 14. Na4 Bd7
15. Qb3 Bxa4 16. Qxa4 Rec8 17. Ne5 Rc7 18. b4 Rac8 19. Rc5 Nf6 20. Rfc1 Qd6 21.
h3 g6 22. Qc2 Ne8 23. a3 Kg7 24. Qe2 f6 25. Nd3 b6 26. R5c2 Rxc2 27. Rxc2 Rxc2
28. Qxc2 Qc7 29. Qa4 Qc8 30. b5 a5 31. Qb3 Nd6 32. a4 Kf7 33. Ba2 Qc7 34. g3
Ne4 35. Kg2 Nd6 36. h4 Kg7 37. Nf4 Nf7 38. e4 g5 39. hxg5 fxg5 40. Nh5+ Kg6 41.
exd5 exd5 42. Qf3 Qe7 43. Bxd5 Nd6 44. g4 Ne6 45. Qe3 Nf4+ 46. Nxf4+ 1-0

[Event "23. Copenhagen Open  (Politiken Cup)"]
[Site "Copenhagen"]
[Date "2001.07.17"]
[Round "2"]
[White "Bering, Anders"]
[Black "Bekker Jensen, Simon"]
[Result "1/2-1/2"]
[WhiteElo "2106"]
[BlackElo "2356"]
[PlyCount "66"]
[EventDate "2001.07.16"]
[EventType "swiss"]
[EventRounds "11"]
[EventCountry "DEN"]
[SourceDate "2004.01.01"]

1. e4 c5 2. Nf3 d6 3. d4 Nf6 4. dxc5 Nxe4 5. cxd6 Nc6 6. dxe7 Qxd1+ 7. Kxd1
Nxf2+ 8. Ke1 Nxh1 9. exf8=Q+ Kxf8 10. g3 Bg4 11. Bg2 Re8+ 12. Kf1 Bxf3 13. Bxf3
Nd4 14. Bd1 h5 15. c3 Nf5 16. Bf3 h4 17. g4 Nfg3+ 18. hxg3 Nxg3+ 19. Kg2 h3+
20. Kxg3 h2 21. Nd2 h1=Q 22. Bxh1 Rxh1 23. b3 Kg8 24. Nf3 Re2 25. c4 Rf1 26.
Bb2 Rxf3+ 27. Kxf3 Rxb2 28. Rd1 Rxa2 29. Rd8+ Kh7 30. Rd7 b6 31. Rxf7 Ra3 32.
Ke4 Kg6 33. Rb7 Rxb3 1/2-1/2